Guess WWE Superstar From Their Nickname - Statistics

General Stats
  • This quiz has been taken 1,205 times
  • The average score is 32 of 51
Answer Stats
Nickname Wrestler % Correct
Dashing, Amercian Nightmare Cody Rhodes
96%
Heartbreak Kid, Showstopper Shawn Michaels
96%
The Phenom, Deadman The Undertaker
92%
Legend Killer, Viper Randy Orton
90%
The Game Triple H
90%
The Big Dog, Tribal Chief Roman Reigns
88%
American Dream Dusty Rhodes
87%
Y2J Chris Jericho
86%
Rated R Superstar Edge
86%
'Macho Man' Randy Savage
86%
The Master of the 619 Rey Mysterio
86%
People's Champ The Rock
86%
The Animal Batista
85%
The Beast Brock Lesnar
84%
The Big Red Machine, Devil's Favorite Demon Kane
84%
Leader of the Cenation, The Doctor of Thuganomics John Cena
83%
The Celtic Warrior Sheamus
83%
World Strongest Man, Sexual Chocolate Mark Henry
80%
The Scottish Warrior Drew Mcintyre
77%
'Dirty' Dominik Mysterio
73%
The Excellence of Execution Bret Hart
68%
World's Largest Athlete Big Show
67%
Glorious Bobby/Robert Roode
67%
The Maverick Logan Paul
67%
The King of Harts Owen Hart
63%
'Hacksaw' Jim Duggan
62%
Charismatic Enigma Jeff Hardy
61%
The Samoan Stinker Rikishi
61%
Most Must See WWE Superstar The Miz
59%
The Immortal Hulk Hogan
58%
'Ravishing' Rick Rude
57%
Lone Wolf Baron Corbin
56%
The Showoff Dolph Ziggler
56%
'Mr. Ass' Billy Gunn
54%
Big Poppa Pump Scott Steiner
53%
Hardcore Legend Mick Foley
52%
'The King' Jerry Lawler
47%
'Road Dogg' Jesse James
46%
'The Icon' Sting
45%
Heart and Soul of ECW Tommy Dreamer
45%
The Prizefighter Kevin Owens
44%
'High Chief' Peter Maivia
36%
Mr. Friday Night Rob Van Dam
36%
Queen of Spades Shayna Baszler
33%
The Animal (Before Batista) George Steele
29%
Intellectual Savior of the Masses Damien Sandow
28%
'Gentleman' Jack Gallagher
27%
The Italian Strongman Bruno Sammartino
25%
The Birdman Koko B. Ware
23%
I.R.S Irwin R. Schyster
16%
The MacMillitant Theodore Long
15%
No matching quizzes found
Score Distribution
Percent of People with Each Score
Percentile by Number Answered
Your Score History
You have not taken this quiz